| 000 | 00344nam a2200145Ia 4500 | ||
|---|---|---|---|
| 008 | 230917s9999||||xx |||||||||||||| ||und|| | ||
| 040 |
_e57751 _aMAIN |
||
| 041 | _aEnglish | ||
| 082 | _a823.8 B439O | ||
| 100 | _aBennett, Arnold | ||
| 245 | 0 | _aOld wives' tales | |
| 260 |
_aLondon _bThomas Nelson _c1908 |
||
| 300 | _axii, 609 p. | ||
| 942 | _cBK | ||
| 999 |
_c63937 _d63937 |
||